Con la muerte en el bolsillo : (Registro nro. 30527)
[ vista simple ]
| 000 -LEADER | |
|---|---|
| fixed length control field | 03129nam a2200337Ia 4500 |
| 003 - CONTROL NUMBER IDENTIFIER | |
| control field | CO-CtgCURN |
| 005 - DATE AND TIME OF LATEST TRANSACTION | |
| control field | 20250901232259.0 |
| 008 - FIXED-LENGTH DATA ELEMENTS--GENERAL INFORMATION | |
| fixed length control field | 190726s2005 xx 000 0 und d |
| 020 ## - INTERNATIONAL STANDARD BOOK NUMBER | |
| International Standard Book Number | 9507314644 |
| 040 ## - CATALOGING SOURCE | |
| Original cataloging agency | CO-CtgCURN |
| Language of cataloging | spa |
| Transcribing agency | coctgcurn |
| 082 ## - DEWEY DECIMAL CLASSIFICATION NUMBER | |
| Classification number | M863.44 |
| Item number | G633m |
| 100 ## - MAIN ENTRY--PERSONAL NAME | |
| Personal name | Gómez, María Idalia |
| Relator term | autora |
| 245 #0 - TITLE STATEMENT | |
| Title | Con la muerte en el bolsillo : |
| Remainder of title | seis desaforadas historias del narcotráfico / |
| Statement of responsibility, etc. | Maria Idalia Gómez; Darío Fritz |
| 250 ## - EDITION STATEMENT | |
| Edition statement | 1 edición |
| 260 ## - PUBLICATION, DISTRIBUTION, ETC. | |
| Place of publication, distribution, etc. | Buenos Aires, Argentina : |
| Name of publisher, distributor, etc. | Seix Barral, |
| Date of publication, distribution, etc. | 2005 |
| 300 ## - PHYSICAL DESCRIPTION | |
| Extent | 382 páginas ; |
| Dimensions | 23 centímetros |
| 490 ## - SERIES STATEMENT | |
| Series statement | Crónicas |
| 500 ## - GENERAL NOTE | |
| General note | Incluye prefacio e índice |
| 504 ## - BIBLIOGRAPHY, ETC. NOTE | |
| Bibliography, etc. note | Incluye referencias bibliográficas (p. [378]-381) |
| 505 ## - FORMATTED CONTENTS NOTE | |
| Formatted contents note | Con la muerte en el bolsillo -- En la frontera -- Cuando la prisión era una fiesta Hora cero -- Grabaciones lejanas -- Cuatro días. |
| 520 ## - SUMMARY, ETC. | |
| Summary, etc. | El modus operandi es el siguiente: el narcotráfico primero muestra su cara más benigna, la de ofrecer y recompensar. Si no logra reclutar, entonces recurre al desprestigio, y finalmente ejecuta. Ubicadas en la década del noventa, cuando el auge de los narcotraficantes obligó al estado mexicano a concentrar fuerzas para no ser sometido, estas seis crónicas desaforadas relatan, con los mejores recursos de la ficción, el crecimiento arrasador de los hermanos Arellano Félix; la vida u muerte del señor de los cielos; el sueño del dinero fácil de una familia de Colima, pionera del tráfico de anfetaminas; el caso de unos transportistas de Michoacán que, adiestrados por traficantes colombianos, se transformaron en los más poderosos del occidente mexicano; el irresistible ascenso de un tamaulipeco capaz de destruir el mito de la seguridad del penal de la palma y desafiar a las autoridades; las labores del espionaje mexicano, las operaciones de la DEA y las contradictorias políticas de colaboración antinarcóticos con los Estados Unidos. Con la muerte en el bolsillo, desentrañan cómo operan los carteles mas destacados desde el punto de vista "empresarial", cuáles son sus códigos internos, conexiones y vínculos, la guerra descarnada por el poder, sus relaciones con el gobierno y el ejército, la intrincada y soterrada estructura social que permite la existencia y desarrollo de la cultura de narco. Con el ritmo vertiginoso de las mejores novelas policiales, Maria Idalia Gómez y Darío Fritz han conseguido retratar de la manera más veraz la violencia, la miseria, las cloacas y las batallas de un negocio cruento, al que pocos se le animan, porque se ha ido metiendo en la medula y los bolsillos de campesinos, profesionales, policías, militares y funcionarios. |
| 521 ## - TARGET AUDIENCE NOTE | |
| Target audience note | AREA BASICA |
| 586 ## - AWARDS NOTE | |
| Awards note | Premio Planeta de periodismo 2005, en México |
| 590 ## - LOCAL NOTE (RLIN) | |
| Local note | Todos los programas académicos |
| 650 ## - SUBJECT ADDED ENTRY--TOPICAL TERM | |
| Topical term or geographic name entry element | Novela mexicana |
| 650 ## - SUBJECT ADDED ENTRY--TOPICAL TERM | |
| Topical term or geographic name entry element | Narcotráfico |
| Form subdivision | Anécdotas |
| Geographic subdivision | México |
| 650 ## - SUBJECT ADDED ENTRY--TOPICAL TERM | |
| Topical term or geographic name entry element | Control de drogas y narcóticos |
| Geographic subdivision | México |
| 700 ## - ADDED ENTRY--PERSONAL NAME | |
| Personal name | Fritz, Darío |
| Relator term | autor |
| 942 ## - ADDED ENTRY ELEMENTS (KOHA) | |
| Koha item type | Libros |
| Classification part | M863.44 |
| Item part | G633m |
| Koha issues (borrowed), all copies | 2 |
| Source of classification or shelving scheme | Dewey Decimal Classification |
| Suppress in OPAC | No |
| Withdrawn status | Lost status | Source of classification or shelving scheme | Damaged status | Not for loan | Collection | Home library | Current library | Shelving location | Date acquired | Inventory number | Total checkouts | Full call number | Barcode | Date last seen | Date last checked out | Copy number | Price effective from | Koha item type |
|---|---|---|---|---|---|---|---|---|---|---|---|---|---|---|---|---|---|---|
| Dewey Decimal Classification | General | Miguel Henríquez Castañeda Barranquilla | Miguel Henríquez Castañeda Barranquilla | General | 05/23/2018 | 03704 | 2 | M863.44 G633m | 03704 | 09/06/2019 | 08/13/2019 | ej.1 | 07/26/2019 | Libros |